000 00411nam a22001217a 4500
003 OSt
008 250121b |||||||| |||| 00| 0 eng d
041 _aeng
100 _aWorld Energy Conference
_96968
245 _aDo: Vol.A Natural Gas in an Environment of World Wide Activities in the Energy Sector RT-36
260 _aNew Delhi:
_bOrganising Committe 12th Congress World Energy Conference,
_c1983.
942 _cBK
999 _c19097
_d19097